Los imperios precolombinos /
Guardado en:
| Autor Principal: | |
|---|---|
| Formato: | |
| Series: | América, historia de una conquista
|
| Materias: | |
| Etiquetas: |
Agregar Etiqueta
Sin Etiquetas, Sea el primero en etiquetar este registro!
|
| LEADER | 00897ngm a22002655g 4500 | ||
|---|---|---|---|
| 001 | CEM.cems022744 | ||
| 008 | 130507b2005##################0###0#####d | ||
| 005 | 20241114212353.0 | ||
| 245 | 1 | 0 | |a Los imperios precolombinos / |c Eliseo Alvarez. |
| 300 | |a 26'. | ||
| 490 | 0 | |a América, historia de una conquista | |
| 500 | |a En soporte VHS, consultar en ventanilla. | ||
| 538 | |a Soporte: VHS - Norma: Pal N - Color: Si - Grabación DRD 2005 - Hitachi=1450 | ||
| 505 | 0 | |a Culturas precolombinas. Incas. Mayas. Aztecas. Organización social, política, económica y religiosa. | |
| 100 | 1 | |a Alvarez, Eliseo | |
| 082 | 9 | 8 | |/ AME-3 |
| 653 | |a AMERICA | ||
| 653 | |a INCAS | ||
| 653 | |a AZTECAS | ||
| 653 | |a MAYAS | ||
| 653 | |a IMPERIOS | ||
| 653 | |a PRECOLOMBINA | ||
| 653 | |a NIVEL PRIMARIO | ||
| 653 | |a NIVEL SECUNDARIO | ||
| 859 | |a CEMS |b BIB. CEMS - Depto. Recursos Didacticos |h 981 |i AME-3 |k DRD |p 1387.12 |t Ej.1 | ||
